Diccionario de términos: recursos humanos (Registro nro. 8467)

Detalles MARC
000 -Cabecera
Campo de control de longitud fija 00463nam a22001817a 4500
005 - Fecha y hora de la última transacción
Campo de control 20250219173255.0
008 - Elementos de longitud fija--Información general
Campo de control de longitud fija 161003b2011 xxu||||| |||| 00| 0 spa d
020 ## - International Standard Book Number
Número Internacional Estándar del Libro (ISBN) 9789506416188
041 ## - Idioma
Código de idioma Español
082 ## - Clasificación Decimal Dewey
Número de clasificación R 658.3 A469di
100 ## - Entrada principal--Autor personal
Nombre personal Alles, Martha
245 ## - Título propiamente dicho
Título Diccionario de términos: recursos humanos
260 ## - Pie de imprenta
Lugar de publicación, distribución, etc. Costa Rica
Nombre del editor, distribuidor, etc. GRANICA
Fecha de publicación, distribución, etc. 2011
300 ## - Descripción física
Extensión 488 páginas
650 ## - Materia general
Temática (materia general) RECURSOS HUMANOS
650 ## - Materia general
Temática (materia general) DICCIONARIOS
942 ## - Punto de acceso adicional KOHA
Tipo de ítem KOHA Referencia
Fuente del sistema de clasificación o colocación Dewey Decimal Classification
Existencias
Signatura completa Código de barras Tipo de ítem
R 658.3 A469di 21438 Referencia